00768nam a22002177a 450000500170000000800410001702000180005805000220007610000370009824501160013525000190025126000310027030000190030133600100032033700140033033800140034450000300035850400850038865000350047370000420050820231102151404.0150827s1990 mx ||||fr|||||||1|| spa d a978968244100404aQ180.A1bP77 19901 aMendez Ramírez, IgnacioeAutor13aEl protocolo de investigaciónb: lineamientos para su elaboración y analisisc / Ignacio Méndez Ramírez a2a. edición.3 aMéxicob :Trillasc,1990 a210 páginas. atexto asin medio avolúmen aReimpresión: 2014, 2016 aIncluye bibliografía (pp. 203-204) Incluye índice alfabético (pp. 205-210)14aINVESTIGACIÓNxMETODOLOGÍA1 aMéndez Ramírez Ignacioetraductor